000 00338nam a2200133Ia 4500
008 240624s9999 xx 000 0 und d
041 _aeng
082 _a658.4092 SAL
100 _aSALICRU SEBASTIAN
245 _aLEADERSHIP RESULTS HOW TO CREATE ADAPTIV
260 _c2017
_aUncertain World
_bWiley
300 _a392 p.
365 _c
_b28
999 _c30241
_d30241